[Event "23rd EUR-ch"]
[Site "Vrnjacka Banja SRB"]
[Date "2023.03.07"]
[Round "5.149"]
[White "Danov, Liubomir"]
[Black "Biyiksiz, Ali Batuhan"]
[Result "1/2-1/2"]
[WhiteElo "2349"]
[BlackElo "1994"]
[EventDate "2023.03.03"]
[PlyCount "176"]

1.e4 e5 2.Nf3 Nf6 3.d3 Nc6 4.g3 d5 5.exd5 Nxd5 6.Bg2 Bc5 7.O-O O-O 8.Re1 
f6 9.c3 Nb6 10.b4 Bd6 11.Nbd2 Be6 12.b5 Ne7 13.d4 Qd7 14.dxe5 fxe5 15.Ng5 
Bd5 16.Bxd5+ Nbxd5 17.c4 Nc3 18.Qb3 Bc5 19.Ngf3 Qd3 20.Rxe5 Bd4 21.c5+ Kh8
22.Rxe7 Bf6 23.Re3 Ne2+ 24.Kg2 Nf4+ 25.Kh1 Qxb3 26.Nxb3 Bxa1 27.gxf4 Bf6 
28.Re4 Rfd8 29.Be3 Rd5 30.Ne5 Kg8 31.Ng4 Kf7 32.Kg2 h5 33.Ne5+ Bxe5 34.
fxe5 Re8 35.Ra4 Ra8 36.f4 g5 37.Kf3 g4+ 38.Ke4 Rd1 39.f5 h4 40.Rc4 g3 41.
hxg3 h3 42.Rc2 Rg8 43.e6+ Kf6 44.Bd4+ Ke7 45.Rf2 Re1+ 46.Kd5 Rd8+ 47.Kc4 
Rg8 48.g4 Rxg4 49.f6+ Kf8 50.e7+ Kf7 51.Rh2 Rg3 52.Nd2 Ke8 53.c6 b6 54.Rf2
Kf7 55.Nf3 Rg2 56.Rxg2 Rc1+ 57.Kd3 hxg2 58.Be3 Rb1 59.Ke2 Rxb5 60.Kf2 Rf5 
61.Kxg2 Rxf6 62.Bg5 Re6 63.Kf2 Rxe7 64.Bxe7 Kxe7 65.Ke3 Kd6 66.Nd4 Kc5 67.
Kd3 b5 68.Kc3 a6 69.Kd3 Kd5 70.Ke3 Kc5 71.Ke4 Kd6 72.Ke3 Kc5 73.Kd3 Kd5 
74.Kc3 Kc5 75.a3 Kd5 76.Kd3 Kc5 77.Nb3+ Kxc6 78.Kd4 Kb6 79.Kd5 a5 80.Kd4 
a4 81.Nc5 Kc6 82.Ne4 Kb6 83.Nc5 Kc6 84.Nd3 Kd6 85.Nc5 Kc6 86.Ne6 Kd6 87.
Nxc7 Kxc7 88.Kc5 b4 1/2-1/2

[Event "23rd EUR-ch"]
[Site "Vrnjacka Banja SRB"]
[Date "2023.03.07"]
[Round "5.150"]
[White "Nyysti, Sampsa"]
[Black "Vasilkov, Nikolai"]
[Result "1/2-1/2"]
[WhiteElo "2345"]
[BlackElo "1931"]
[EventDate "2023.03.03"]
[PlyCount "112"]

1.e4 c5 2.Nf3 d6 3.d4 cxd4 4.Nxd4 Nf6 5.Nc3 a6 6.Nb3 e5 7.Bg5 Be7 8.Bxf6 
Bxf6 9.Qd3 Be6 10.O-O-O Be7 11.g3 Nc6 12.f4 Rc8 13.Kb1 b5 14.f5 Bc4 15.Qd2
Bxb3 16.cxb3 Nd4 17.Bd3 Bg5 18.Qf2 h5 19.h4 Bh6 20.Nd5 Rc6 21.Qg2 Qd7 22.
Rhf1 f6 23.g4 hxg4 24.Qxg4 Qf7 25.Nb4 Rb6 26.Nc2 Nxc2 27.Bxc2 Rc6 28.Qe2 
Ke7 29.Ka1 Rhc8 30.Bb1 Kf8 31.Qd3 b4 32.Rfe1 Kg8 33.Qf1 Qc7 34.Bd3 Rc1+ 
35.Rxc1 Qxc1+ 36.Rxc1 Rxc1+ 37.Qxc1 Bxc1 38.Bxa6 Kf7 39.Kb1 Bd2 40.Kc2 Be1
41.h5 Ke7 42.Kd3 Kd7 43.Kc4 Kc6 44.a4 Kb6 45.Bb5 Bd2 46.Kd5 Bc1 47.Ke6 Be3
48.Kxd6 Bd2 49.Ke6 Bc1 50.Bc4 Be3 51.Bd5 Bd2 52.Bc4 Be3 53.Bd5 Bc1 54.Ke7 
Bd2 55.Ke6 Ka5 56.Bc4 Kb6 1/2-1/2

[Event "23rd EUR-ch"]
[Site "Vrnjacka Banja SRB"]
[Date "2023.03.07"]
[Round "5.151"]
[White "Goriachkina, Oksana"]
[Black "Fitzsimons, David"]
[Result "1-0"]
[WhiteElo "1759"]
[BlackElo "2338"]
[EventDate "2023.03.03"]
[PlyCount "115"]

1.d4 Nf6 2.c4 e6 3.Nf3 Bb4+ 4.Bd2 a5 5.Qa4 Nc6 6.Bxb4 Nxb4 7.a3 Nc6 8.Nc3 
O-O 9.e3 d6 10.b4 e5 11.b5 exd4 12.exd4 Ne7 13.Be2 Ng6 14.O-O Nf4 15.Rfe1 
Bf5 16.Bf1 Qd7 17.Nd2 Ne6 18.Nf3 Bg4 19.Be2 Rfb8 20.Qd1 Nf4 21.Qd2 Qf5 22.
Bd1 N6h5 23.Bc2 Qf6 24.Ne4 Qh6 25.Neg5 f6 26.h3 fxg5 27.hxg4 Nf6 28.Bf5 
Rf8 29.Nh2 Rae8 30.Rxe8 Nxe8 31.Re1 d5 32.c5 Nf6 33.Qxa5 g6 34.Bc2 Qg7 35.
c6 b6 36.Qb4 Ne8 37.Qe7 Qxd4 38.Qe3 Qb2 39.Qb3 Qf6 40.Nf3 Nd6 41.a4 Kh8 
42.g3 Nh3+ 43.Kg2 h5 44.Kxh3 hxg4+ 45.Kh2 gxf3 46.Qxd5 Re8 47.Rxe8+ Nxe8 
48.Bb3 Qg7 49.Qxf3 Nf6 50.a5 g4 51.Qf4 bxa5 52.b6 g5 53.Qxc7 Qg6 54.Qd8+ 
Kh7 55.Qe7+ Kh8 56.b7 Nd7 57.Qd8+ Kg7 58.Qg8+ 1-0

[Event "23rd EUR-ch"]
[Site "Vrnjacka Banja SRB"]
[Date "2023.03.07"]
[Round "5.152"]
[White "Poupalos, Nikolaos"]
[Black "Kelires, Andreas"]
[Result "0-1"]
[WhiteElo "1906"]
[BlackElo "2538"]
[EventDate "2023.03.03"]
[PlyCount "68"]

1.e4 e5 2.Nf3 Nc6 3.Bb5 a6 4.Ba4 Nf6 5.O-O Be7 6.Re1 b5 7.Bb3 O-O 8.c3 d5 
9.exd5 Nxd5 10.d4 exd4 11.cxd4 Bf6 12.Nc3 Nxc3 13.bxc3 Na5 14.Bc2 Nc4 15.
Ne5 Bxe5 16.dxe5 Qxd1 17.Bxd1 Be6 18.Bg5 h6 19.Be7 Rfe8 20.Bf3 Rac8 21.Bc5
Nb2 22.Bb7 Rcd8 23.Bb4 Bd5 24.Bxd5 Rxd5 25.f4 c5 26.Ba5 Re7 27.a4 Nc4 28.
axb5 axb5 29.Reb1 Rb7 30.Kf2 Rd2+ 31.Kg3 Kh7 32.Rb3 Rdd7 33.f5 Nxe5 34.c4 
b4 0-1

[Event "23rd EUR-ch"]
[Site "Vrnjacka Banja SRB"]
[Date "2023.03.07"]
[Round "5.153"]
[White "Yuffa, Daniil"]
[Black "Khandelwal, Ankush"]
[Result "1-0"]
[WhiteElo "2605"]
[BlackElo "2255"]
[EventDate "2023.03.03"]
[PlyCount "57"]

1.g3 Nf6 2.Bg2 g6 3.c4 Bg7 4.Nc3 O-O 5.Nf3 d6 6.O-O e5 7.d3 Re8 8.Rb1 a5 
9.a3 c6 10.b4 axb4 11.axb4 d5 12.Nd2 Na6 13.e4 dxc4 14.Nxc4 b5 15.Ne3 Qd6 
16.f4 Nh5 17.fxe5 Bxe5 18.Ne2 Rd8 19.d4 Bxd4 20.Nxd4 Qxd4 21.Qf3 Be6 22.g4
Ng7 23.Bb2 Qd6 24.Bf6 Nxb4 25.Rfd1 Nd3 26.Bxd8 Rxd8 27.Bf1 Bc4 28.Bxd3 
Bxd3 29.Rb3 1-0

[Event "23rd EUR-ch"]
[Site "Vrnjacka Banja SRB"]
[Date "2023.03.07"]
[Round "5.154"]
[White "Mastrovasilis, Athanasios"]
[Black "Farkas, Tibor"]
[Result "1-0"]
[WhiteElo "2518"]
[BlackElo "2247"]
[EventDate "2023.03.03"]
[PlyCount "87"]

1.d4 Nf6 2.Nf3 g6 3.c4 Bg7 4.Nc3 d5 5.h4 c6 6.cxd5 cxd5 7.Bf4 a6 8.e3 Nc6 
9.Be2 h5 10.Rc1 Bg4 11.Qb3 Na5 12.Qb4 Bxf3 13.gxf3 Rc8 14.O-O O-O 15.Na4 
Rxc1 16.Rxc1 Ne8 17.Qb6 Nd6 18.Bxd6 exd6 19.Qxd8 Rxd8 20.Nb6 Bf6 21.Nxd5 
Bxh4 22.Rc7 Rb8 23.b4 Nc6 24.Bc4 Kf8 25.Nb6 Bd8 26.Rxf7+ Ke8 27.Nd7 Rc8 
28.Be6 Nxb4 29.Nf8 Rc7 30.Rxc7 Bxc7 31.Nxg6 b5 32.f4 Bd8 33.f5 Bf6 34.Nf4 
a5 35.Nxh5 Ke7 36.Nf4 Bg5 37.Ne2 Na6 38.Nc3 Nc7 39.Nd5+ Nxd5 40.Bxd5 Kd7 
41.Kf1 a4 42.Ke2 b4 43.f4 Bf6 44.Kd3 1-0

[Event "23rd EUR-ch"]
[Site "Vrnjacka Banja SRB"]
[Date "2023.03.07"]
[Round "5.155"]
[White "Alexakis, Dimitris"]
[Black "Miletic, Vuk"]
[Result "1-0"]
[WhiteElo "2472"]
[BlackElo "2231"]
[EventDate "2023.03.03"]
[PlyCount "119"]

1.e4 e6 2.d4 d5 3.Nc3 Bb4 4.e5 c5 5.a3 Bxc3+ 6.bxc3 Qa5 7.Bd2 Qa4 8.Qg4 
Kf8 9.h4 Nc6 10.Nf3 Qxc2 11.h5 Qe4+ 12.Qxe4 dxe4 13.Ng5 cxd4 14.cxd4 h6 
15.Nxe4 Nge7 16.O-O-O b6 17.Rh3 Bd7 18.g4 Nd5 19.g5 hxg5 20.Bxg5 Nce7 21.
h6 Nf5 22.hxg7+ Kxg7 23.Nf6 Kg6 24.Nxd5 Kxg5 25.f4+ Kg6 26.Nf6 Rac8+ 27.
Kb2 Ba4 28.Rxh8 Rxh8 29.Rd2 Ne3 30.Bd3+ Kg7 31.Re2 Rh3 32.Kc1 Kf8 33.f5 
exf5 34.Rf2 Rh4 35.Kd2 f4 36.d5 Ke7 37.Ng8+ Kf8 38.Nf6 Ke7 39.Ba6 Bb3 40.
d6+ Kd8 41.Kd3 Be6 42.a4 Bf5+ 43.Kd2 Be6 44.a5 Bc4 45.axb6 axb6 46.Bb7 Be6
47.Kd3 Nc4 48.Kd4 f3+ 49.Be4 Rf4 50.Rh2 Rxf6 51.exf6 Nxd6 52.Bxf3 Nb5+ 53.
Ke5 Kc7 54.Rc2+ Kb8 55.Rb2 Nc7 56.Rxb6+ Kc8 57.Rxe6 Nxe6 58.Bg4 Kd8 59.
Bxe6 fxe6 60.Kxe6 1-0

[Event "23rd EUR-ch"]
[Site "Vrnjacka Banja SRB"]
[Date "2023.03.07"]
[Round "5.156"]
[White "Pajeken, Jakob Leon"]
[Black "Pajcin, Lav"]
[Result "1/2-1/2"]
[WhiteElo "2465"]
[BlackElo "2221"]
[EventDate "2023.03.03"]
[PlyCount "49"]

1.e4 c5 2.Nf3 d6 3.d4 cxd4 4.Nxd4 Nf6 5.Nc3 Nc6 6.Bg5 e6 7.Qd2 a6 8.O-O-O 
Bd7 9.Nxc6 Bxc6 10.f3 Be7 11.Kb1 Qc7 12.h4 h6 13.Be3 d5 14.e5 Nd7 15.f4 b5
16.Ne2 b4 17.Nd4 Bb5 18.f5 Nxe5 19.Nxb5 axb5 20.Bxb5+ Nd7 21.fxe6 fxe6 22.
Qd4 O-O 23.Qg4 Rf5 24.Bd4 Nf6 25.Bxf6 1/2-1/2

[Event "23rd EUR-ch"]
[Site "Vrnjacka Banja SRB"]
[Date "2023.03.07"]
[Round "5.157"]
[White "Zadravec, Matija"]
[Black "Sousa, Andre Ventura"]
[Result "0-1"]
[WhiteElo "2248"]
[BlackElo "2464"]
[EventDate "2023.03.03"]
[PlyCount "74"]

1.e4 c6 2.d4 d5 3.e5 Bf5 4.h4 h6 5.g4 Bd7 6.Nc3 Qc8 7.Be2 e6 8.Be3 c5 9.
Nf3 a6 10.h5 Nc6 11.Na4 Nxd4 12.Nb6 Qd8 13.Nxa8 Nxe2 14.Qxe2 Bb5 15.Qd2 
Qxa8 16.O-O-O b6 17.Rh3 Ne7 18.Rg1 d4 19.Bf4 Qd5 20.Kb1 Nc6 21.g5 hxg5 22.
Bxg5 Nxe5 23.Nxe5 Qxe5 24.Qf4 Qxf4 25.Bxf4 Kd7 26.c3 f6 27.cxd4 cxd4 28.
Bd2 e5 29.Kc2 Ke6 30.a3 a5 31.b4 a4 32.Bc1 g5 33.Bxg5 fxg5 34.Rxg5 Be8 35.
f4 exf4 36.Rh1 Kf6 37.Rd5 Bc6 0-1

[Event "23rd EUR-ch"]
[Site "Vrnjacka Banja SRB"]
[Date "2023.03.07"]
[Round "5.158"]
[White "Krzywda, Andrzej"]
[Black "Ghimpu, Samuel-Timotei"]
[Result "0-1"]
[WhiteElo "2235"]
[BlackElo "2459"]
[EventDate "2023.03.03"]
[PlyCount "60"]

1.e4 g6 2.d4 Bg7 3.Nc3 d6 4.Be3 Nf6 5.h3 O-O 6.Nge2 a6 7.a4 Nc6 8.g3 e5 9.
Bg2 exd4 10.Nxd4 Bd7 11.Nde2 Re8 12.O-O Rb8 13.g4 b5 14.axb5 axb5 15.Ng3 
b4 16.Nce2 Bxg4 17.hxg4 Nxg4 18.Qd2 Qh4 19.Rfd1 Nce5 20.b3 Bh6 21.Nh1 Bxe3
22.fxe3 Re6 23.Nf4 Qh2+ 24.Kf1 Rf6 25.Nf2 g5 26.N2h3 gxf4 27.exf4 Qg3 28.
Qe2 Ne3+ 29.Kg1 N5g4 30.Ra5 Qh2# 0-1

[Event "23rd EUR-ch"]
[Site "Vrnjacka Banja SRB"]
[Date "2023.03.07"]
[Round "5.159"]
[White "Nadj Hedjesi, Balind"]
[Black "Godena, Michele"]
[Result "0-1"]
[WhiteElo "2223"]
[BlackElo "2446"]
[EventDate "2023.03.03"]
[PlyCount "80"]

1.e4 e5 2.d4 exd4 3.Qxd4 Nc6 4.Qe3 Bb4+ 5.Nc3 Nf6 6.Bd2 O-O 7.O-O-O Re8 8.
Qf4 Ne5 9.f3 c6 10.g4 d5 11.exd5 Nxd5 12.Nxd5 Bxd2+ 13.Qxd2 cxd5 14.Bb5 
Bd7 15.Bxd7 Qxd7 16.Qxd5 Qc7 17.Ne2 Nc4 18.Nc3 Qf4+ 19.Kb1 Ne3 20.Qd2 Qxf3
21.Rde1 Rad8 22.Qe2 Qxe2 23.Rxe2 Nxg4 24.Rhe1 Rxe2 25.Rxe2 f5 26.h3 Nf6 
27.a4 Kf7 28.Re5 g6 29.Kc1 f4 30.a5 h6 31.b4 g5 32.b5 Kg6 33.Re7 h5 34.
Rxb7 f3 35.Nd1 g4 36.hxg4 hxg4 37.Re7 g3 38.Re1 f2 39.Nxf2 gxf2 40.Rf1 Ne4
0-1

[Event "23rd EUR-ch"]
[Site "Vrnjacka Banja SRB"]
[Date "2023.03.07"]
[Round "5.160"]
[White "Alonso Garcia, Aaron"]
[Black "Tifferet, Shaked"]
[Result "1-0"]
[WhiteElo "2437"]
[BlackElo "2219"]
[EventDate "2023.03.03"]
[PlyCount "65"]

1.e4 e5 2.Nf3 Nc6 3.Bb5 a6 4.Ba4 Bc5 5.c3 Nge7 6.O-O Ng6 7.d4 Ba7 8.d5 
Nce7 9.c4 O-O 10.Nc3 d6 11.Be3 h6 12.Bc2 f5 13.exf5 Bxf5 14.Bxf5 Nxf5 15.
Bxa7 Rxa7 16.g3 c5 17.Qd3 b5 18.Ne4 Raf7 19.a3 Qd7 20.b4 Nfh4 21.Nxh4 Nxh4
22.gxh4 Rf3 23.Qe2 R8f4 24.Kh1 Qf5 25.Nxd6 Qh5 26.Rg1 e4 27.Qb2 g6 28.Rg2 
e3 29.Rag1 Rf6 30.Ne4 exf2 31.Nxf6+ Rxf6 32.Qxf6 fxg1=Q+ 33.Rxg1 1-0

[Event "23rd EUR-ch"]
[Site "Vrnjacka Banja SRB"]
[Date "2023.03.07"]
[Round "5.161"]
[White "Iliaguev, Nisim"]
[Black "Sgircea, Silvia-Raluca"]
[Result "1/2-1/2"]
[WhiteElo "2412"]
[BlackElo "2214"]
[EventDate "2023.03.03"]
[PlyCount "88"]

1.c4 c5 2.g3 g6 3.Bg2 Bg7 4.Nc3 Nc6 5.e3 e6 6.Nge2 Nge7 7.O-O O-O 8.d4 
cxd4 9.exd4 d5 10.Bg5 h6 11.Bxe7 Nxe7 12.cxd5 Nxd5 13.Qb3 Nxc3 14.bxc3 Qa5
15.Rab1 Rb8 16.c4 b6 17.Rfd1 Bd7 18.Nc3 Rfd8 19.Rd3 Rbc8 20.Rbd1 Qa6 21.c5
Bc6 22.Bxc6 Rxc6 23.Ne4 Rd5 24.Nc3 Rd8 25.Ne4 Rd5 26.a4 Rc7 27.Nc3 Rd8 28.
Nb5 Rcc8 29.Rc3 bxc5 30.Rxc5 Qb6 31.Rdc1 Rb8 32.Rc6 Qa5 33.Rc7 a6 34.Qf3 
Rf8 35.Nd6 Qd5 36.Qxd5 exd5 37.R7c6 Bxd4 38.Rd1 Rb6 39.Nc8 Rxc6 40.Ne7+ 
Kg7 41.Nxc6 Bf6 42.Rxd5 Rc8 43.Nb4 Rc4 44.Nxa6 Rxa4 1/2-1/2

[Event "23rd EUR-ch"]
[Site "Vrnjacka Banja SRB"]
[Date "2023.03.07"]
[Round "5.162"]
[White "Stankovic, Boris"]
[Black "Popovic, Milan S."]
[Result "1/2-1/2"]
[WhiteElo "2208"]
[BlackElo "2393"]
[EventDate "2023.03.03"]
[PlyCount "88"]

1.e4 c5 2.Nf3 d6 3.d4 cxd4 4.Nxd4 Nf6 5.Nc3 a6 6.Bg5 e6 7.f4 Qb6 8.Qd2 Nc6
9.O-O-O Nxd4 10.Qxd4 Qxd4 11.Rxd4 Nh5 12.Ne2 h6 13.Bh4 g5 14.fxg5 Be7 15.
Be1 hxg5 16.Bb4 e5 17.Rd1 Rh6 18.Nc3 Be6 19.Be2 Kd7 20.Bxh5 Rxh5 21.h3 Rg8
22.Rd3 g4 23.h4 Bc4 24.Rdd1 g3 25.b3 Be6 26.Rd3 Kc6 27.Rhd1 Rd8 28.Rxg3 
Rxh4 29.Kb2 Rg4 30.Rf3 f6 31.Rd2 Rdg8 32.Rxf6 Bxf6 33.Rxd6+ Kc7 34.Rxe6 
Bd8 35.Rxe5 Rxg2 36.Rd5 Re8 37.Bd6+ Kc6 38.Bf4 Bc7 39.Bxc7 Kxc7 40.Rd3 Rf8
41.Nd5+ Kb8 42.a4 Rc8 43.Nc3 Rh2 44.Re3 Rd8 1/2-1/2

[Event "23rd EUR-ch"]
[Site "Vrnjacka Banja SRB"]
[Date "2023.03.07"]
[Round "5.163"]
[White "Aleksic, Milan"]
[Black "Zawadzka, Jolanta"]
[Result "1-0"]
[WhiteElo "2202"]
[BlackElo "2391"]
[EventDate "2023.03.03"]
[PlyCount "89"]

1.e4 c5 2.Nf3 e6 3.d4 cxd4 4.Nxd4 Nc6 5.Nc3 Qc7 6.Be3 a6 7.Qf3 h5 8.Qg3 
Qxg3 9.hxg3 Nf6 10.f3 Bb4 11.g4 d6 12.Nxc6 bxc6 13.g5 Nd7 14.g4 h4 15.
O-O-O Bxc3 16.bxc3 Ke7 17.Rh2 Bb7 18.Be2 Ne5 19.f4 Ng6 20.Bf3 c5 21.Bh1 c4
22.e5 d5 23.Bc5+ Kd7 24.Rf1 Kc6 25.Bd4 Rae8 26.Re2 Bc8 27.f5 Ne7 28.g6 
exf5 29.gxf7 Ref8 30.e6 Rh7 31.gxf5 h3 32.Re3 h2 33.Rg3 Nxf5 34.Rg5 Bxe6 
35.Rfxf5 Kd7 36.Rf2 Rxf7 37.Rxf7+ Bxf7 38.Rxg7 Rxg7 39.Bxg7 Ke6 40.Bh6 Ke5
41.Kd2 Bg6 42.Ke3 Be4 43.Bf4+ Kf5 44.Bxe4+ dxe4 45.Bxh2 1-0

[Event "23rd EUR-ch"]
[Site "Vrnjacka Banja SRB"]
[Date "2023.03.07"]
[Round "5.164"]
[White "Glienke, Manfred"]
[Black "Barseghian, Armen Ar."]
[Result "1/2-1/2"]
[WhiteElo "2201"]
[BlackElo "2382"]
[EventDate "2023.03.03"]
[PlyCount "54"]

1.d4 Nf6 2.Nf3 e6 3.c4 c5 4.Nc3 d5 5.cxd5 exd5 6.g3 Nc6 7.Bg2 cxd4 8.Nxd4 
Bc5 9.Nb3 Bb6 10.O-O d4 11.Na4 O-O 12.Bg5 Re8 13.Nxb6 axb6 14.Re1 h6 15.
Bxc6 bxc6 16.Bxf6 Qxf6 17.Qxd4 Qd8 18.Qxd8 Rxd8 19.Red1 Rxd1+ 20.Rxd1 Be6 
21.Nc1 Bxa2 22.Nxa2 Rxa2 23.Rd8+ Kh7 24.Rd6 Rxb2 25.Rxc6 g5 26.g4 Rxe2 27.
Rxb6 Re4 1/2-1/2

[Event "23rd EUR-ch"]
[Site "Vrnjacka Banja SRB"]
[Date "2023.03.07"]
[Round "5.165"]
[White "Valiev, Shahin"]
[Black "Bournel, Antoine"]
[Result "1/2-1/2"]
[WhiteElo "2201"]
[BlackElo "2377"]
[EventDate "2023.03.03"]
[PlyCount "52"]

1.e4 c6 2.d4 d5 3.Nc3 dxe4 4.Nxe4 Bf5 5.Ng3 Bg6 6.h4 h6 7.Nf3 Nd7 8.Bd3 
Bxd3 9.Qxd3 e6 10.Bf4 Qa5+ 11.Bd2 Bb4 12.c3 Be7 13.c4 Qc7 14.O-O-O Ngf6 
15.Ne4 c5 16.d5 exd5 17.cxd5 c4 18.Nxf6+ Nxf6 19.Qd4 O-O 20.Bf4 Qa5 21.d6 
Rad8 22.Qe5 Qxa2 23.dxe7 Qa1+ 24.Kc2 Qa4+ 25.Kc1 Qa1+ 26.Kc2 Qa4+ 1/2-1/2

[Event "23rd EUR-ch"]
[Site "Vrnjacka Banja SRB"]
[Date "2023.03.07"]
[Round "5.166"]
[White "Androutsopoulos-Agiotatos, Vasil"]
[Black "Nemec, Jachym"]
[Result "0-1"]
[WhiteElo "2161"]
[BlackElo "2371"]
[EventDate "2023.03.03"]
[PlyCount "88"]

1.e4 c5 2.c4 Nc6 3.Nc3 g6 4.g3 Bg7 5.Bg2 d6 6.Nge2 Rb8 7.Rb1 Nf6 8.a3 Bd7 
9.d3 Qc8 10.h3 O-O 11.b4 Nd4 12.Nxd4 cxd4 13.Ne2 e5 14.Bd2 b5 15.cxb5 Bxb5
16.Qb3 Qa6 17.Nc1 Rbc8 18.O-O Rc7 19.h4 Rb8 20.Bf3 h6 21.Re1 Ba4 22.Qa2 
Rc2 23.Rb2 Rbc8 24.b5 Qb6 25.Bd1 Rxb2 26.Qxb2 Qxb5 27.Qb4 Qxb4 28.axb4 Bb5
29.Bb3 Kf8 30.f3 Ke7 31.Kf2 Nd7 32.h5 gxh5 33.Rh1 Nb6 34.Ke2 Na4 35.Rxh5 
Nb2 36.g4 Bf6 37.Rxh6 Rxc1 38.Bxc1 Nxd3 39.Kd1 Nxc1 40.Bd5 Bg5 41.Rh7 Ba4+
42.Ke1 d3 43.Bxf7 d2+ 44.Kf2 Kf8 0-1

[Event "23rd EUR-ch"]
[Site "Vrnjacka Banja SRB"]
[Date "2023.03.07"]
[Round "5.167"]
[White "Bauer, Thomas"]
[Black "Samani, Yamac"]
[Result "0-1"]
[WhiteElo "2151"]
[BlackElo "2357"]
[EventDate "2023.03.03"]
[PlyCount "132"]

1.e4 c5 2.Nc3 Nc6 3.Bb5 Nd4 4.Bc4 e6 5.Nge2 a6 6.a4 Ne7 7.Nxd4 cxd4 8.Ne2 
Nc6 9.d3 Bc5 10.O-O O-O 11.Ng3 d5 12.exd5 exd5 13.Bb3 Be6 14.Qh5 Qd7 15.f4
f5 16.Bd2 Rf6 17.a5 Bf7 18.Qd1 Re8 19.Ba4 Qd6 20.Kh1 Ree6 21.Bb3 Bb4 22.
Bxb4 Nxb4 23.Rf2 Nc6 24.Qd2 Re3 25.Ba4 Qe7 26.Rb1 h5 27.Bxc6 bxc6 28.Ne2 
c5 29.Ng1 h4 30.b4 c4 31.Nf3 c3 32.Qc1 Rfe6 33.Qg1 Qf6 34.h3 Be8 35.Qf1 
Qe7 36.Kh2 Bh5 37.b5 axb5 38.Ra1 Bxf3 39.Rxf3 Ra6 40.Qf2 b4 41.Rxe3 dxe3 
42.Qf3 Qe6 43.Qh5 d4 44.Qxh4 Qd5 45.Qh5 Qb5 46.Qg5 Kh7 47.Qh5+ Kg8 48.Qg5 
Qc5 49.Qh5 g6 50.Qg5 Qd6 51.Kg1 Kf7 52.h4 Qe6 53.Kh2 e2 54.Re1 Rxa5 55.h5 
Ra8 56.Qh6 Rg8 57.Qh7+ Kf8 58.Qh6+ Kf7 59.Qh7+ Rg7 60.Qh8 Qe3 61.h6 Qxf4+ 
62.Kg1 Qe3+ 63.Kh2 Rg8 64.Qh7+ Kf8 65.Kh1 Qf2 66.Ra1 e1=Q+ 0-1

[Event "23rd EUR-ch"]
[Site "Vrnjacka Banja SRB"]
[Date "2023.03.07"]
[Round "5.168"]
[White "Bashirli, Nail"]
[Black "Levitan, Ronit"]
[Result "0-1"]
[WhiteElo "2343"]
[BlackElo "2185"]
[EventDate "2023.03.03"]
[PlyCount "112"]

1.e4 e5 2.Nf3 Nc6 3.Nc3 Nf6 4.Bb5 Bb4 5.O-O O-O 6.d3 d6 7.Bg5 Bxc3 8.bxc3 
h6 9.Bh4 a6 10.Bc4 Na5 11.Bb3 Qe7 12.Qd2 Nxb3 13.axb3 Qe6 14.Rfe1 Nh5 15.
d4 Re8 16.Bg3 Qf6 17.dxe5 dxe5 18.Qd5 Nxg3 19.hxg3 Rb8 20.Qc5 Qe7 21.Ra5 
f6 22.Qe3 Be6 23.Nh4 Qd6 24.f4 Qb6 25.Rc5 Bg4 26.b4 Rbd8 27.Kh2 Qd6 28.Rd5
exf4 29.Rxd6 fxe3 30.Rd3 Rd6 31.Rexe3 Rde6 32.Rd4 f5 33.e5 Rxe5 34.Rxe5 
Rxe5 35.Rd7 Re2 36.Kg1 f4 37.Rd8+ Kf7 38.gxf4 Rxc2 39.Rd3 Kf6 40.Rg3 h5 
41.Re3 b6 42.g3 a5 43.bxa5 bxa5 44.Re5 a4 45.Ra5 Bd7 46.Ra6+ Kf7 47.Nf3 
Rxc3 48.Ne5+ Ke8 49.Kf2 a3 50.Ra5 Be6 51.Ra8+ Ke7 52.Ng6+ Kf6 53.Nf8 Bd5 
54.Ra6+ Kf7 55.Nd7 a2 56.Ne5+ Ke8 0-1

[Event "23rd EUR-ch"]
[Site "Vrnjacka Banja SRB"]
[Date "2023.03.07"]
[Round "5.169"]
[White "Sherman, Reem"]
[Black "Sahakian, Aleks"]
[Result "1-0"]
[WhiteElo "2126"]
[BlackElo "2343"]
[EventDate "2023.03.03"]
[PlyCount "79"]

1.e4 c5 2.Nf3 d6 3.d4 cxd4 4.Nxd4 Nf6 5.Nc3 Nc6 6.Bc4 Qb6 7.Nxc6 bxc6 8.
O-O e6 9.Bb3 Be7 10.Bf4 e5 11.Bg5 Ba6 12.Re1 Rd8 13.Na4 Qc7 14.c4 O-O 15.
Rc1 h6 16.Bh4 Bc8 17.Qf3 Bg4 18.Qc3 c5 19.Qd3 Nd5 20.Qg3 Bh5 21.cxd5 g5 
22.Qe3 gxh4 23.Qxh6 Bg6 24.Nxc5 dxc5 25.Qxg6+ fxg6 26.d6+ Kg7 27.dxc7 Rc8 
28.Bd5 Rxc7 29.b3 Rd7 30.Rc3 Rb8 31.Rec1 a5 32.a4 Rb4 33.Kf1 Kf6 34.Rf3+ 
Kg5 35.Rf7 Rc7 36.f3 Bd8 37.Rxc7 Bxc7 38.Rxc5 Bd6 39.Rc6 Bf8 40.Bf7 1-0

[Event "23rd EUR-ch"]
[Site "Vrnjacka Banja SRB"]
[Date "2023.03.07"]
[Round "5.171"]
[White "Ciorgovean, Iustin"]
[Black "Onslow, Alfie"]
[Result "0-1"]
[WhiteElo "2325"]
[BlackElo "2174"]
[EventDate "2023.03.03"]
[PlyCount "88"]

1.d4 Nf6 2.c4 e6 3.Nf3 d5 4.g3 dxc4 5.Bg2 c6 6.Ne5 Bb4+ 7.Bd2 Be7 8.e3 b5 
9.a4 b4 10.O-O Ba6 11.Qc2 O-O 12.Rd1 Qc7 13.Be1 Rc8 14.Nd2 Bb7 15.Ndxc4 c5
16.Bxb7 Qxb7 17.dxc5 Rxc5 18.Rac1 Nc6 19.Nd3 Rd5 20.b3 Rad8 21.f3 h5 22.
Nf4 R5d7 23.Nd3 Nd5 24.Kf2 Qb8 25.Qb1 a6 26.Kg2 g5 27.e4 Nf6 28.Bf2 g4 29.
Nc5 gxf3+ 30.Kg1 Rxd1+ 31.Rxd1 Ng4 32.Nd3 Nd4 33.Rf1 Ne2+ 34.Kh1 Nc3 35.
Qc2 Nxe4 36.Bb6 Rc8 37.Ne1 f5 38.a5 f2 39.Nf3 Qb7 40.Qe2 Qd5 41.Kg2 Ng5 
42.Rh1 Nxf3 43.Qxf3 Qxf3+ 44.Kxf3 f1=Q+ 0-1

[Event "23rd EUR-ch"]
[Site "Vrnjacka Banja SRB"]
[Date "2023.03.07"]
[Round "5.172"]
[White "Filip, Andrei"]
[Black "Safar, Sandro"]
[Result "1/2-1/2"]
[WhiteElo "2325"]
[BlackElo "2173"]
[EventDate "2023.03.03"]
[PlyCount "115"]

1.e4 c5 2.Nf3 Nc6 3.d4 cxd4 4.Nxd4 g6 5.c4 Bg7 6.Be3 d6 7.Nc3 Nf6 8.f3 O-O
9.Be2 Bd7 10.Qd2 Nxd4 11.Bxd4 a5 12.h4 a4 13.h5 Qa5 14.g4 Be6 15.Kf2 Rfc8 
16.b3 axb3 17.axb3 Qb4 18.h6 Bh8 19.g5 Nd7 20.Bxh8 Kxh8 21.Qd4+ f6 22.Nb5 
Ra6 23.gxf6 Nxf6 24.e5 dxe5 25.Qxe5 Bd7 26.Rxa6 bxa6 27.Nd4 Kg8 28.Nc2 
Qb6+ 29.Kg2 Kf7 30.b4 Qe6 31.Qxe6+ Bxe6 32.Ne3 Ng8 33.Ra1 Rb8 34.Rb1 Nxh6 
35.c5 Nf5 36.Nc4 Nd4 37.Bf1 Bc8 38.Nb6 Bb7 39.Kg3 h5 40.Bc4+ e6 41.Ra1 g5 
42.Bxa6 Bxf3 43.b5 h4+ 44.Kf2 g4 45.Nd7 Rg8 46.Ne5+ Ke7 47.Nxf3 gxf3 48.
Rh1 e5 49.b6 Kd7 50.Bd3 Kc6 51.Rc1 Rg4 52.Ke3 f2 53.Kxf2 Ne6 54.Bb5+ Kxb5 
55.b7 Rg8 56.Rb1+ Kxc5 57.b8=Q Rxb8 58.Rxb8 1/2-1/2

[Event "23rd EUR-ch"]
[Site "Vrnjacka Banja SRB"]
[Date "2023.03.07"]
[Round "5.173"]
[White "Sukovic, Andrej"]
[Black "Noy, Eyal"]
[Result "1-0"]
[WhiteElo "2322"]
[BlackElo "2161"]
[EventDate "2023.03.03"]
[PlyCount "65"]

1.e4 c5 2.Nc3 Nc6 3.Nf3 d6 4.d4 cxd4 5.Nxd4 Nf6 6.Bc4 e6 7.Bb3 Be7 8.Be3 
O-O 9.O-O Qc7 10.f4 Na5 11.f5 Nxb3 12.cxb3 b6 13.Rc1 Qb7 14.Qf3 e5 15.Nde2
Bd7 16.Bg5 Rfc8 17.Bxf6 Bxf6 18.Nd5 Bg5 19.Rxc8+ Qxc8 20.Qg3 Qc5+ 21.Kh1 
h6 22.h4 Bd8 23.Nec3 a5 24.Qg4 f6 25.Qg6 Qc6 26.a4 Be8 27.Qg4 Qc5 28.Qe2 
b5 29.axb5 Rb8 30.Qc4 Kf8 31.Rc1 Bxb5 32.Nxb5 Rxb5 33.Qf1 1-0

[Event "23rd EUR-ch"]
[Site "Vrnjacka Banja SRB"]
[Date "2023.03.07"]
[Round "5.174"]
[White "Sitbon, Itay"]
[Black "Gaal, Zsoka"]
[Result "0-1"]
[WhiteElo "2144"]
[BlackElo "2320"]
[EventDate "2023.03.03"]
[PlyCount "80"]

1.d4 Nf6 2.c4 e6 3.Nf3 d5 4.g3 Bb4+ 5.Bd2 a5 6.a3 Be7 7.Bg2 O-O 8.Qc2 c6 
9.O-O Nbd7 10.Bf4 b6 11.Nbd2 Ba6 12.Rfd1 Rc8 13.b4 c5 14.dxc5 bxc5 15.b5 
Bb7 16.Be5 Nxe5 17.Nxe5 Qc7 18.Nc6 Bxc6 19.bxc6 Qxc6 20.cxd5 exd5 21.Nc4 
Qe6 22.Ne3 Rfd8 23.Qa4 c4 24.Qxa5 Bc5 25.Qd2 d4 26.Nc2 d3 27.exd3 Rxd3 28.
Qe1 Ng4 29.Qxe6 fxe6 30.Bh3 Nxf2 31.Bxe6+ Kh8 32.Re1 Rf8 33.Bxc4 Rc3 34.
Bb5 Rxc2 35.Re2 Nd3+ 36.Kh1 Rxe2 37.Bxd3 Rd2 38.Rc1 Rxd3 39.Rxc5 Rxa3 40.
Kg2 Ra2+ 0-1

[Event "23rd EUR-ch"]
[Site "Vrnjacka Banja SRB"]
[Date "2023.03.07"]
[Round "5.175"]
[White "Gorodetzky, Matan"]
[Black "Gramb, Marius"]
[Result "1-0"]
[WhiteElo "2319"]
[BlackElo "2159"]
[EventDate "2023.03.03"]
[PlyCount "119"]

1.e4 c6 2.d4 d5 3.e5 Bf5 4.Nd2 e6 5.Nb3 Nd7 6.Nf3 Qc7 7.Be2 c5 8.dxc5 Bxc5
9.Nxc5 Qxc5 10.Nd4 Ne7 11.c3 Nxe5 12.Be3 Qa5 13.Qb3 O-O 14.Qxb7 N7g6 15.
Nxf5 exf5 16.Qa6 Qc7 17.O-O-O f4 18.Bd4 f3 19.gxf3 Rfe8 20.Be3 Nc4 21.Bxc4
dxc4 22.Rd4 Ne5 23.Rhd1 Re6 24.Qb5 Nd3+ 25.R1xd3 cxd3 26.f4 h6 27.Qxd3 a6 
28.h4 Rae8 29.b4 Qc6 30.Kb2 Qg2 31.Kb3 Qh3 32.f5 Rf6 33.Rf4 Qh1 34.Bd4 Rd6
35.Rg4 f6 36.Rxg7+ Kxg7 37.Qg3+ Kf7 38.Qxd6 Qb1+ 39.Ka3 Qc1+ 40.Ka4 Qc2+ 
41.Ka5 Qxf5+ 42.Qc5 Qe6 43.a4 Rc8 44.Qh5+ Kg7 45.f3 Kh7 46.Qg4 Qd5+ 47.b5 
Ra8 48.Qe4+ Qxe4 49.fxe4 axb5+ 50.Kxb5 Kg6 51.a5 Re8 52.a6 Rxe4 53.a7 Re8 
54.Bb6 Kf5 55.c4 Ke6 56.Bc7 Ra8 57.Kb6 Kd7 58.Bf4 h5 59.c5 Kc8 60.c6 1-0